Estadísticas para Máximos goleadores de la Serie A 2022-2023

Haz click aquí para intentar la prueba.

Estadísticas generales

  • Esta prueba ha sido intentada 27 veces
  • La puntuación promedio es 9 de 12

Estadísticas de respuestas

GolesNacionalidadEquipoJugador% Correcto
21ArgentinaInterLautaro Martínez
96%
15PortugalA. C. MilanRafael Leão
96%
26NigeriaS. S. C. NapoliVictor Osimhen
96%
13FranciaA. C. MilanOlivier Giroud
92%
12ArgentinaA. S. RomaPaulo Dybala
92%
12ItaliaS. S. LazioCiro Immobile
85%
12GeorgiaS. S. C. NapoliKhvicha Kvaratskhelia
85%
12ItaliaU. S. SassuoloDomenico Berardi
69%
16SenegalU. S. SalernitanaBoulaye Dia
62%
12ParaguayTorino F. C.Antonio Sanabria
50%
13NigeriaAtalanta B. C.Ademola Lookman
46%
13AngolaSpeziaM'Bala Nzola
27%

Distribución de puntuación

Porcentaje por número respondido

Porcentaje de gente con cada puntuación

Historial de tus puntuaciones

No has intentado esta prueba.